1353 1423 1386 1898 1138 1325 1160 1384 1053 1078 1171 1175 1955 1881 1907 1617 1392 1029 1480 1703 1673 1222 1346 1674 1249 1849 1870 1322 1106 1658 1339 1272 1314 1509 1228 1413 1240 1734 1241 1986 1160 1912 1859 1854 1437 1978 1786 1507 1551 1895 1228 1680 1943 1055 1823 1676 1875 1013 1822 1697 1378 1034 1925 1265 1557 1254 1467 1254 1348 1595 1351 1154 1858 1959 1035 1938 1330 1578 1513 1729 1002 1856 1917 1881 1420 1436 1746 1997 1759 1283 1610 1207 1193 1194 1628 1776 1906 1100 1742 BCNSPRNW ULIB Ver.6.0+V

เปลี่ยนเป็นภาษาไทย

Change to English
 แสดงรายละเอียดบรรณานุกรม
  กลับหน้าหลัก

Brief Record : Get Marc (ISO 2709) : E-mail record : QR code < ปิดหน้าต่าง
LEADER : 00000nam 2200000uu 4500
001    13399108507
003     ULIB
008    110306s2553||||th 000 0 tha d
020    9789749751886
060  4 WP560^bว725ป 2553
100 0  วิไล (เทียนรุ่งโรจน์)หนุนภักดี
245 00 ปวดประจำเดือน หายได้ด้วยธรรมชาติบำบัด^cเรียบเรียงโดย วิไล (เทียนรุ่งโรจน์)หนุนภักดี;บรรณาธิการ บรรจบ ชุณหสวัสดิกุล
250    พิมพ์ครั้งที่ 6
260    กรุงเทพฯ^bบริษัท รวมทรรศน์ จำกัด,^c2553
300    102 หน้า;^bมีภาพประกอบ
650  7 ปวดประจำเดือน
650  0 ระดู
700 0  วิไล หนุนภักดี
945    ^p125^l0^i18067
945    ^p125^l0^i18068
995    เกษร
999    ^aใช้งานได้ทุกระบบ
รายการนี้ยังไม่มีแท็ก
คุณยังไม่ได้ล็อกอิน คุณสามารถมีกิจกรรมร่วมกับเว็บไซต์ได้ แต่ต้องล็อกอินก่อน ::
  ล็อกอิน

รายการสื่อสารสนเทศ

ลำดับที่ ประเภท เลขเรียก/บาร์โค้ด สถานที่ สถานะ
1. วิทยาศาสตร์การแพทย์ และสุขภาพ
วิทยาศาสตร์การแพทย์ และสุขภาพ
WP560 ว725ป 2553 ฉ.2 
  Barcode: 18067
ห้องสมุดวิทยาเขตนครสวรรค์
►ส่วนจัดเก็บหนังสือเก่า นว.
บนชั้น
  ขอยืม
2. วิทยาศาสตร์การแพทย์ และสุขภาพ
วิทยาศาสตร์การแพทย์ และสุขภาพ
WP560 ว725ป 2553 ฉ.4 
  Barcode: 18068
ห้องสมุดวิทยาเขตนครสวรรค์
►ส่วนจัดเก็บหนังสือเก่า นว.
บนชั้น
  ขอยืม

รายการใกล้เคียง
    หัวเรื่อง [ปวดประจำเดือน]
    หัวเรื่อง [ระดู]

BibComment


ยังไม่เคยถูกคอมเมนท์

คอมเมนท์ทรัพยากรรายการนี้
  คอมเมนท์: ปวดประจำเดือน หาย..


 Copyright 2026. Bcnsprnw @Library